000 00753cam a22002413a 4500
001 18906
003 PGUSA
005 20140828083412.0
008 060725s2006||||xxu|||||s|||||000 | eng d
040 _aPGUSA
_beng
042 _adc
050 4 _aPR
100 1 _aL'Estrange, A. G. K.
_q(Alfred Guy Kingan),
_d1832-1915
245 1 0 _aHistory of English Humour, Vol. 2
_h[electronic resource] /
_cA. G. K. L'Estrange
260 _bProject Gutenberg,
_c2006
506 _aPublic domain in the USA.
516 _aElectronic text
653 _aWit and humor -- History and criticism
653 _aEnglish wit and humor -- History and criticism
830 0 _aProject Gutenberg
_v18906
856 4 0 _uhttp://www.gutenberg.org/ebooks/18906
942 _cEB
999 _c248161
_d248161